000 00747nam a22002177a 4500
003 OSt
005 20251024015709.0
008 251014b |||||||| |||| 00| 0 eng d
020 _a13:978-0-534-52465-4.
040 _aDWCL-Main lib
_cOC
082 _aCirc. 371.102 Eb16s 2008
100 _aEbert, Edward S. ll
245 _aSchool :
_ban introduction to education
260 _aBelmont, Ca. :
_bThomson Higher Education,
_cc2008.
300 _axx, 555 pages :
_bcolored illustration ;
_c27 cm.
504 _aIncludes bibliographical references and index.
650 _21. Education-Study and teaching-United States.
650 _22. Educational change-United States.
650 _23. Teaching-United States.
942 _2ddc
_cBK-CIRC
_kCirc.
_n0
999 _c4866
_d4866